|
|
|
|
| LEADER |
00000nam0a2200000 4500 |
| 001 |
99734 |
| 005 |
20231031111853.0 |
| 020 |
|
|
|a RU
|b 86-68366
|
| 035 |
|
|
|a (RuTPU)RU\TPU\book\107084
|
| 090 |
|
|
|a 99734
|
| 100 |
|
|
|a 20060712d1986 km y0rusy5003 ca
|
| 101 |
0 |
|
|a rus
|
| 102 |
|
|
|a RU
|
| 105 |
|
|
|a a z 001zy
|
| 200 |
1 |
|
|a Геокриологические исследования
|e сборник статей
|f Под ред. Э. Д. Ершова
|
| 210 |
|
|
|a Москва
|c Изд-во МГУ
|d 1986
|
| 215 |
|
|
|a 224 с.
|c ил.
|
| 320 |
|
|
|a Библиогр. в конце ст.
|
| 610 |
1 |
|
|a мерзлотоведение
|
| 610 |
1 |
|
|a геокриология
|
| 610 |
1 |
|
|a геокриологические исследования
|
| 610 |
1 |
|
|a мерзлые породы
|
| 610 |
1 |
|
|a льдообразование
|
| 610 |
1 |
|
|a пучение
|
| 610 |
1 |
|
|a промерзающие горные породы
|
| 610 |
1 |
|
|a прогнозы
|
| 610 |
1 |
|
|a Якутия
|
| 675 |
|
|
|a 551.345
|z rus
|
| 702 |
|
1 |
|a Ершов
|b Э. Д.
|g Эдуард Дмитриевич
|4 340
|
| 801 |
|
0 |
|a RU
|b RuMRKP
|c 19950704
|g psbo
|
| 801 |
|
1 |
|a RU
|b 63413507
|c 20060712
|g PSBO
|
| 801 |
|
2 |
|a RU
|b 63413507
|c 20230629
|g PSBO
|
| 900 |
|
|
|a Мерзлотоведение
|
| 942 |
|
|
|c BK
|